AEW Full Gear 2023 Card - Statistics

General Stats
  • This quiz has been taken 26 times
  • The average score is 26 of 36
Answer Stats
Answer % Correct
Cash Wheeler
89%
Chris Jericho
89%
Christian Cage
89%
Dax Harwood
89%
Luchasaurus
89%
Matt Jackson
89%
MJF
89%
Nick Jackson
89%
Nick Wayne
89%
Toni Storm
89%
Adam Page
84%
Kenny Omega
84%
Kris Statlander
84%
Swerve Strickland
84%
Adam Copeland
79%
Hikaru Shida
79%
Jay White
79%
Jon Moxley
79%
Julia Hart
79%
Orange Cassidy
79%
Samoa Joe
79%
Darby Allin
74%
Sting
74%
Brody King
68%
Malakai Black
68%
Big Bill
63%
Austin Gunn
58%
Claudio Castagnoli
58%
Colten Gunn
58%
Eddie Kingston
58%
Ricky Starks
58%
Skye Blue
58%
Buddy Matthews
37%
Jay Lethal
32%
Rush
26%
Dralistico
21%
No matching quizzes found
Score Distribution
Percent of People with Each Score
Percentile by Number Answered
Your Score History
You have not taken this quiz